| Поле | Название | Значение |
| |
Тип записи |
a |
| |
Библиографический уровень |
m |
| 001 |
Контрольный номер |
e6c733c78d0d48529af7e0ed929d17ee |
| 005 |
Дата корректировки |
20260415163358.0 |
| 010 |
Индекс ISBN |
__ |
| a |
ISBN |
978-5-905641-75-6 |
| b |
Уточнения |
в пер. |
| b |
Уточнения |
рус. |
| 010 |
Индекс ISBN |
__ |
| a |
ISBN |
978-0-749-47762-2 |
| b |
Уточнения |
англ. |
| 9 |
Тираж |
500 экз. |
| 100 |
Данные общей обработки |
__ |
| a |
Данные общей обработки |
20260415d2021 em y0rusy028902 ca |
| 101 |
Язык документа |
1_ |
| a |
Язык текста |
rus |
| c |
Язык оригинала |
eng |
| 102 |
Страна публикации |
__ |
| a |
Страна публикации |
RU |
| 105 |
Кодированные данные (монография) |
__ |
| a |
Кодированные данные (монография) |
y z 000yy |
| 181 |
Поле кодированных данных: вид содержания |
_0 |
| a |
Код вида содержания (ISBD) |
i |
| 182 |
Поле кодированных данных: тип средства |
_0 |
| a |
Код типа средства (ISBD) |
n |
| 200 |
Заглавие и сведения об ответственности |
1_ |
| a |
Заглавие |
Коучинг и наставничество |
| e |
Сведения, относящиеся к заглавию |
практические методы обучения и развития |
| f |
Первые сведения об ответственности |
Эрик Парслоу и Мевилл Лидхем |
| g |
Последующие сведения об ответственности |
под редакцией Дайан Ньюэлл ; [переводчик - Мария Чомахидзе-Доронина] |
| 203 |
Вид содержания и тип средства |
__ |
| a |
Вид содержания |
Текст |
| c |
Тип средства |
непосредственный |
| 205 |
Сведения об издании |
__ |
| a |
Основные сведения об издании |
3-е издание |
| 210 |
Выходные данные |
1_ |
| a |
Место издания |
Москва |
| c |
Издательство |
Библос |
| d |
Дата издания |
2021 |
| 215 |
Физическое описание |
__ |
| a |
Объем |
434 с. |
| d |
Формат |
24 см |
| 330 |
Аннотация |
__ |
| a |
Аннотация |
За последние 15 лет эта книга стала настольным руководством для тех, кто занимается коучингом и наставничеством на индивидуальном, командном и организационном уровнях. Здесь вы найдете информацию обо всех видах коучинга и наставничества – чем они различаются и какие инструменты используют, чтобы добиться высочайшего результата. В третьем издании книги, обновленном и дополненном, отмечены все современные достижения и тенденции в сфере коучинга, включая супервайзинг, а также приведены примеры практического применения коучинга и наставничества в организациях. Вы узнаете, как обосновать необходимость инвестиций в коучинг и наставничество, как согласовать коучинг с общими задачами бизнеса, как доказать и оценить эффективность коучинга и его благотворное влияние на работу сотрудников. |
| 454 |
Оригинал |
_0 |
| 1 |
|
2001 |
| a |
|
Coaching and mentoring |
| 1 |
|
700 1 |
| a |
|
Parsloe |
| b |
|
E. |
| g |
|
Eric |
| 606 |
Тематические рубрики |
1_ |
| a |
Основная рубрика |
Психология |
| 2 |
Код системы |
nlr_sh |
| 606 |
Тематические рубрики |
__ |
| a |
Основная рубрика |
Социальная психология |
| 2 |
Код системы |
nlr_sh |
| 610 |
Ключевые слова |
0_ |
| a |
Ключевые слова |
коучинг |
| 610 |
Ключевые слова |
0_ |
| a |
Ключевые слова |
коучинг персонала |
| 610 |
Ключевые слова |
0_ |
| a |
Ключевые слова |
управление персоналом |
| 610 |
Ключевые слова |
0_ |
| a |
Ключевые слова |
мотивация сотрудников |
| 610 |
Ключевые слова |
0_ |
| a |
Ключевые слова |
бизнес-тренинги |
| 610 |
Ключевые слова |
0_ |
| a |
Ключевые слова |
развитие персонала |
| 610 |
Ключевые слова |
0_ |
| a |
Ключевые слова |
наставничество |
| 610 |
Ключевые слова |
0_ |
| a |
Ключевые слова |
супервайзинг |
| 610 |
Ключевые слова |
0_ |
| a |
Ключевые слова |
коуч-наставничество |
| 686 |
Индексы других классификаций |
__ |
| a |
Классификационный индекс |
88.566 |
| 2 |
Код системы |
rubbks |
| 700 |
Автор |
_1 |
| a |
Фамилия |
Парслоу |
| b |
Имя |
Э. |
| g |
Полное личное имя |
Эрик |
| 4 |
Код отношения |
070 |
| 701 |
Альтернативная интеллектуальная ответственность |
_1 |
| a |
Фамилия |
Лидхем |
| b |
Имя |
М. |
| g |
Полное личное имя |
Мелвилл |
| 4 |
Код отношения |
070 |
| 702 |
Вторичная интеллектуальная ответственность |
_1 |
| a |
Фамилия |
Ньюэлл |
| b |
Имя |
Д. |
| 4 |
Код отношения |
340 |
| g |
Полное личное имя |
Дайан |
| 702 |
Вторичная интеллектуальная ответственность |
_1 |
| a |
Фамилия |
Чомахидзе-Доронина |
| b |
Имя |
М. Ш. |
| 4 |
Код отношения |
730 |
| f |
Даты |
1982- |
| g |
Полное личное имя |
Мария Шалвовна |
| 801 |
Источник записи |
_0 |
| a |
Страна |
RU |
| b |
Организация |
Муниципальное бюджетное учреждение культуры "Централизованная библиотечная система" г. Сургут (Центральная городская библиотека им. А. С. Пушкина) |
| c |
Дата составления |
20260415 |
| g |
Правила каталогизации |
PSBO |
| 801 |
Источник записи |
_1 |
| a |
Страна |
RU |
| b |
Организация |
Муниципальное бюджетное учреждение культуры "Централизованная библиотечная система" г. Сургут (Центральная городская библиотека им. А. С. Пушкина) |
| c |
Дата составления |
20260415 |
| g |
Правила каталогизации |
PSBO |
| 852 |
Данные о местонахождении |
__ |
| i |
Авторский знак |
П 18 |
| j |
Шифр хранения |
88.566 |
| 901 |
Тип документа |
__ |
| a |
Ответственный |
КиК/Котельникова |
| t |
Тип документа |
m |
| 901 |
Тип документа |
__ |
| a |
Ответственный |
без партии |
| 903 |
Характеристики (МАРС) |
__ |
| a |
Дата передачи |
20260415 |
| c |
Наименование библиотеки (МАРС) |
Муниципальное бюджетное учреждение культуры "Централизованная библиотечная система" г. Сургут (Центральная городская библиотека им. А. С. Пушкина) |
| 969 |
Тип издания |
__ |
| a |
Тип издания |
научно-популярное издание |